History Quiz

Random History or War Quiz

British wars by battle. Quiz Stats

Quiz not verified by Sporcle

Challenge
Share
Tweet
Embed
Score 0/40 Timer 05:00
0 Plays Today
% Correct
Second World War
85.8%
First World War
84.6%
First World War
83.4%
Napoleonic Wars
83.4%
Napoleonic Wars
82.5%
Second World War
81.8%
Second World War
80.9%
American Revolution
76.5%
First World War
76.1%
Scottish Independence
75.3%
Zulu War
75.1%
Viking Invasion
74%
American Revolution
73.9%
100 Years' War
73.2%
2nd Afghan War
72.2%
English Civil War
69.7%
American Revolution
69.3%
Norman Invasion
69.3%
Scottish Independence
69%
Wars of the Roses
62%
% Correct
Falklands War
61.6%
Crimean War
61.2%
English Civil War
60.6%
100 Years' War
59.5%
100 Years' War
54.2%
Seven Years' War
53.4%
Wars of the Roses
49.6%
War of 1812
49.4%
Crimean War
48.7%
English Civil War
47.2%
Wars of the Roses
43.9%
French Revolutionary Wars
36.9%
Spanish Succession
31.6%
Austrian Succession
30.2%
Seven Years' War
30%
Spanish Succession
29.6%
Seven Years' War
25.8%
French Revolutionary Wars
25.6%
Spanish Armada
24.3%
1st Anglo-Dutch War
22.5%

You're not logged in!

Compare scores with friends on all Sporcle quizzes.
Join for Free
OR
Log In

You Might Also Like...

Show Comments

Extras

Curator's Pick Dec 18, 2015ReportNominate
Tags:Clickable Quiz, War Quiz, british, War Battles

Top Quizzes Today


Score Distribution

Your Account Isn't Verified!

In order to create a playlist on Sporcle, you need to verify the email address you used during registration. Go to your Sporcle Settings to finish the process.

Report this User

Report this user for behavior that violates our Community Guidelines.

Details: